{"text_format":"3","workbook":"xls","n_sheets":3,"sheets":["Sheet1","Sheet2","Sheet3"],"read":"whole","date_system":"1900","formulas":"cached_only"}

{"sheet":"Sheet1","index":0,"n_rows":50,"n_cols":7,"rows_kept":50,"merged":[[0,0,0,6]],"flags":["formulas_cached_only"]}
["2024年春季保洁用品采购项目明细"]
["序号","物品","数量","单位","参考单价（元）","参考总价（元）","备注"]
[1,"35cm玻璃刮",20,"个",11,220,"超洁亮"]
[2,"35cm玻璃刮橡胶皮条",5,"个",16,80]
[3,"百洁布",400,"片",5,2000,"思洁"]
[4,"静电吸尘剂",2,"箱",180,360,"超洁亮（1箱4壶）"]
[5,"玻璃水",5,"箱",152,760,"威美（1箱4壶）"]
[6,"750ml喷壶",20,"个",15,300]
[7,"750ml喷壶壶嘴带管",20,"个",8,160]
[8,"2L大喷壶",10,"个",30,300]
[9,"2L大喷壶壶嘴带管",10,"个",15,150]
[10,"洗手液",24,"桶",200,4800,"18L"]
[11,"特效洁厕剂",18,"箱",152,2736,"威美（1箱4壶）"]
[12,"全能清洁剂",11,"箱",152,1672,"威美（1箱4壶）"]
[13,"洗衣粉",270,"包",3,810,"雕牌一件20包"]
[14,"塑料畚箕（大号）",20,"只",10,200,"超洁亮"]
[15,"塑料扫把（大号）",85,"把",15,1275]
[16,"涂水器",25,"个",8,200,"超洁亮"]
[17,"橡胶手套（大号）",250,"双",8,2000,"天鹰"]
[18,"36寸尘推",60,"套",39,2340]
[19,"36寸尘推罩",4,"件",360,1440,"超洁亮（1件20条）"]
[20,"3m20寸红垫",5,"件",260,1300,"（3m进口）1件4张"]
[21,"3m20寸黑垫",8,"件",260,2080,"（3m进口）1件4张"]
[22,"拖把",10,"个",11,110]
[23,"金丝扫把",130,"把",35,4550]
[24,"铲刀",40,"个",7.5,300,"超洁亮"]
[25,"圆头厕刷",100,"个",4,400]
[26,"洗洁精",5,"件",110,550,"雕牌2KG（1件6壶）"]
[27,"毛巾",300,"条",8,2400]
[28,"除胶剂",7,"件",340,2380,"威美（1件4壶）"]
[29,"水桶",45,"只",12,540,"36升"]
[30,"草帽",15,"只",20,300]
[31,"皮面纱手套",200,"双",2,400]
[32,"草酸清洁剂",75,"壶",35,2625,"2.5L"]
[33,"马桶吸",25,"个",8,200]
[34,"海绵拖",75,"把",50,3750]
[35,"大铁畚斗",7,"只",17,119]
[36,"除油剂",8,"壶",15,120]
[37,"扫蜘蛛网神器",10,"套",120,1200,"4米"]
[38,"钢丝球",440,"个",2,880]
[39,"杀虫剂",30,"瓶",20,600]
[40,"藤香",130,"盒",5,650]
[41,"小瓶洗手液",10,"瓶",12,120]
[42,"纸盒装抽纸",20,"盒",5,100]
[43,"900抽M码抽纸",30,"提",25,750,"10包/提"]
[44,"大卷纸",12,"箱",100,1200]
[45,"小卷纸",40,"提",30,1200]
[46,"洁而亮",4,"件",180,720,"进口（1件12瓶）"]
[47,"不锈钢保养剂",3,"件",180,540,"超洁亮（1件4壶）"]
["合计",{"$nulls":4},51887]

{"sheet":"Sheet2","index":1,"n_rows":0,"n_cols":0,"rows_kept":0,"flags":["formulas_cached_only"]}

{"sheet":"Sheet3","index":2,"n_rows":0,"n_cols":0,"rows_kept":0,"flags":["formulas_cached_only"]}